Kurt Russell Movies Quiz Stats

 Plays Quiz Updated Jul 21, 2019

Score 0/55 Timer 12:00
0 Plays Today
Year Movie % Correct
1981Escape from New York
87.6%
1996Escape from L.A.
85%
1993Tombstone
77.8%
1987Overboard
67.9%
1986Big Trouble in Little China
67.2%
1989Tango & Cash
66.1%
2017Guardians of the Galaxy Vol.2
62%
2007Grindhouse: Death Proof
55.9%
2015The Hateful Eight
54.7%
1982The Thing
52.2%
2004Miracle
51.5%
1992Captain Ron
44%
2019Once Upon a Time in Hollywood
41.8%
1991Backdraft
41.3%
1994Stargate
41%
1998Soldier
37.8%
2017The Fate of the Furious
36.7%
1969The Computer Wore Tennis Shoes
32.8%
2005Sky High
32.7%
1996Executive Decision
31%
2015Furious Seven
30.4%
1981The Fox and the Hound
30.2%
1988Tequila Sunrise
29.6%
2018The Christmas Chronicles
26.9%
20013000 Miles to Graceland
25.8%
1997Breakdown
25.3%
2015Bone Tomahawk
24.9%
2001Vanilla Sky
22.4%
Year Movie % Correct
1980Used Cars
22.2%
1986The Best of Times
21.6%
2006Poseidon
20.9%
2016Deepwater Horizon
20.1%
2002Dark Blue
20%
1984Swing Shift
17.5%
1983Silkwood
17.2%
1992Unlawful Entry
17%
1975The Strongest Man in the World
15.9%
1985The Mean Season
12.4%
2005Dreamer
11.8%
2013The Art of the Steal
11.5%
1972Now You See Him, Now You Don't
11%
1971The Barefoot Executive
10.9%
1973Superdad
10.6%
2019Crypto
10.2%
2011Touchback
10.1%
1966Follow Me, Boys!
10.1%
1989Winter People
9.5%
2014The Battered Bastards of Baseball
9.3%
1968The One and Only, Genuine, Original Family Band
8.7%
1968The Horse in the Gray Flannel Suit
7.6%
1965Guns of Diablo
7.5%
2002Interstate 60: Episodes of the Road
7.3%
1973Charley and the Angel
7.1%
1971Fools' Parade
6.7%
1969Guns in the Heather
6.3%

You're not logged in!

Compare scores with friends on all Sporcle quizzes.
OR
Log In

Sporcle TV

Today on Sporcle TV


Watch our educational content, quiz creation guides, and fun videos on Sporcle TV.

Show Comments

Extras

Top Quizzes Today


Score Distribution

Your Account Isn't Verified!

In order to create a playlist on Sporcle, you need to verify the email address you used during registration. Go to your Sporcle Settings to finish the process.

Report this User

Report this user for behavior that violates our Community Guidelines.

Details: